000 00567nam a22002057a 4500
005 20220512101915.0
008 220512b ||||| |||| 00| 0 eng d
040 _cAL
041 _aEnglish
082 _223
_a385.0954
_bUDDE
100 _aSami Uddin
_936247
245 _aEconomics of Indian Railways
260 _aAligarh
_bFaculty of Commerce
_c1988
300 _aiii,161 p.
_bHB
_c24.5x16.5 cm.
365 _b₹165.00
_c
_d₹165.00
650 _aIndian Railways
_936248
650 _aEconomics
_936249
700 _aUDDIN (Sami)
_936250
942 _2ddc
_cGF
999 _c222891
_d222891